Countries by Haiku #2 - Statistics

General Stats
  • This quiz has been taken 918 times
  • The average score is 13 of 15
Answer Stats
Haiku Country % Correct
Posh-sounding accents, has four main subdivisions, now left the E.U.? United Kingdom
98%
Nicknamed 'down under', kangaroos and koalas, just coastal cities Australia
95%
Oktoberfest here, highways without speed limits, used to have a wall Germany
94%
Uses the peso, millions of Spanish speakers, Cancun and Puebla Mexico
94%
Billion people, home of many religions, saffron white and green India
91%
Caribbean state, Castro communism ruled, embargoed U.S. Cuba
88%
Four major islands, has the world's largest city, famous for torii Japan
85%
Beautiful islands, birthplace of democracy, unique alphabet Greece
83%
Shia Islam state, couple names for their language, formerly Persia Iran
83%
One of the lowlands, country of famous painters, footwear called klompen Netherlands
83%
Thousands of islands, big part of Indochina, shares a few islands Indonesia
82%
Dead and Galilee, many disputes with neighbors, holy capital Israel
81%
Home to the lemurs, island in the Indian, speaks Malagasy Madagascar
80%
Many capitals, eight official languages, was Orange Free State South Africa
72%
Many kings and queens, the motto is 'Plus ultra', anthem is wordless Spain
51%
No matching quizzes found
Score Distribution
Percent of People with Each Score
Percentile by Number Answered
Your Score History
You have not taken this quiz